[Event "27. ekipno prvenstvo RH zene"]
[Site "Biograd na Moru"]
[Date "2018.09.11"]
[Round "5.44"]
[White "Smetisko, Marija"]
[Black "Vujnovic, Patricija"]
[Result "0-1"]
[WhiteElo "1900"]
[BlackElo "2056"]
[PlyCount "84"]
[EventDate "2018.09.08"]
[EventCountry "CRO"]

1. e4 c6 2. d4 d5 3. exd5 cxd5 4. Bd3 Nc6 5. c3 Qc7 6. Ne2 Bg4 7. f3 Bd7 8. Bf4
e5 9. dxe5 Nxe5 10. O-O Bd6 11. Re1 Ne7 12. Bg3 O-O 13. Nd4 Rfe8 14. Na3 a6 15.
Nac2 Rac8 16. Kh1 Nxd3 17. Bxd6 Nf2+ 18. Kg1 Nh3+ 19. gxh3 Qxd6 20. Qe2 Ng6 21.
Qg2 Nf4 22. Qg3 Nxh3+ 23. Kh1 Qxg3 24. hxg3 Nf2+ 25. Kg2 Nd3 26. Rxe8+ Rxe8 27.
Rd1 Nc5 28. Nb4 Be6 29. Kf2 a5 30. Nxe6 fxe6 31. Nd3 Nxd3+ 32. Rxd3 Rc8 33. Ke3
Kf7 34. Rd4 g5 35. Kf2 Kf6 36. Ke3 h5 37. Kd3 Rc4 38. Ke3 Rxd4 39. cxd4 Kf5 40.
a4 e5 41. g4+ hxg4 42. dxe5 gxf3 0-1

[Event "27. ekipno prvenstvo RH zene"]
[Site "Biograd na Moru"]
[Date "2018.09.11"]
[Round "5.51"]
[White "Krivec, Jana"]
[Black "Rozman, Monika"]
[Result "1/2-1/2"]
[WhiteElo "2185"]
[BlackElo "2037"]
[PlyCount "56"]
[EventDate "2018.09.08"]
[EventCountry "CRO"]

1. e4 c5 2. d3 d6 3. g3 g6 4. Bg2 Bg7 5. f4 Nc6 6. Nf3 e6 7. O-O Nge7 8. c3 O-O
9. Be3 b6 10. Bf2 Qc7 11. Re1 Bb7 12. d4 Rac8 13. Na3 a6 14. e5 dxe5 15. dxe5
Rfd8 16. Qe2 b5 17. Ng5 Na5 18. Bxb7 Nxb7 19. Nc2 c4 20. Ne4 Nd5 21. a4 Bf8 22.
axb5 axb5 23. Ra7 Qb8 24. Rea1 Nc5 25. Ra8 Qb7 26. R8a7 Qb8 27. Ra8 Qb7 28.
R8a7 Qb8 1/2-1/2

[Event "27. ekipno prvenstvo RH zene"]
[Site "Biograd na Moru"]
[Date "2018.09.11"]
[Round "5.53"]
[White "Starcevic, Andrea"]
[Black "Ljikar, Tamara"]
[Result "0-1"]
[WhiteElo "1893"]
[BlackElo "1920"]
[PlyCount "90"]
[EventDate "2018.09.08"]
[EventCountry "CRO"]

1. c4 e5 2. Nc3 Nc6 3. g3 g6 4. Bg2 Bg7 5. e3 d6 6. Nge2 Be6 7. d4 Bxc4 8. d5
Bxe2 9. Qxe2 Nce7 10. Qb5+ Kf8 11. Qxb7 a6 12. Bd2 f5 13. Rc1 Rb8 14. Qxa6 Nf6
15. b3 e4 16. Qc4 Nd7 17. O-O Ne5 18. Qe2 Kg8 19. f3 exf3 20. Bxf3 Qd7 21. Bg2
h5 22. Be1 Bh6 23. Bf2 g5 24. Rc2 N7g6 25. e4 f4 26. Bd4 g4 27. gxf4 Nxf4 28.
Qd1 Kh7 29. Ne2 Nxg2 30. Kxg2 Rhf8 31. Bxe5 dxe5 32. Ng3 h4 33. Nf5 Bf4 34.
Nxh4 Rb4 35. Qe1 Rd4 36. Re2 Rd3 37. Kh1 Rh3 38. Rg1 g3 39. Nf3 Qg4 40. Qf1 Bh6
41. Ng5+ Bxg5 42. Qxf8 Qxe4+ 43. Rgg2 Rxh2+ 44. Kg1 Be3+ 45. Ref2 Qxg2# 0-1

[Event "27. ekipno prvenstvo RH zene"]
[Site "Biograd na Moru"]
[Date "2018.09.11"]
[Round "5.54"]
[White "Blazeka, Ivana"]
[Black "Tomulic, Vesna"]
[Result "1/2-1/2"]
[WhiteElo "1610"]
[BlackElo "1837"]
[PlyCount "26"]
[EventDate "2018.09.08"]
[EventCountry "CRO"]

1. e4 c5 2. Nf3 e6 3. d4 cxd4 4. Nxd4 a6 5. Nc3 Qc7 6. a3 Nf6 7. Be2 b5 8. O-O
Bb7 9. Qd3 b4 10. axb4 Bxb4 11. f3 Bxc3 12. Qxc3 Qxc3 13. bxc3 d5 1/2-1/2

[Event "27. ekipno prvenstvo RH zene"]
[Site "Biograd na Moru"]
[Date "2018.09.12"]
[Round "6.23"]
[White "Roklicer, Heike"]
[Black "Starcevic, Andrea"]
[Result "1-0"]
[WhiteElo "2042"]
[BlackElo "1893"]
[PlyCount "121"]
[EventDate "2018.09.08"]
[EventCountry "CRO"]

1. d4 d5 2. c4 e6 3. Nc3 Nf6 4. Nf3 Be7 5. Qc2 c6 6. e3 Nbd7 7. Bd3 dxc4 8.
Bxc4 b5 9. Bd3 Bb7 10. e4 h6 11. e5 Nd5 12. Nxd5 cxd5 13. O-O a6 14. Qe2 Nb6
15. b3 Rc8 16. Bd2 Ba3 17. Ba5 Rc6 18. Rab1 Qe7 19. Qd2 b4 20. Ne1 O-O 21. Nc2
Rfc8 22. Nxb4 Bxb4 23. Bxb4 Qh4 24. Qe3 Nd7 25. f4 Nf8 26. Bc5 Nd7 27. b4 R6c7
28. Rbc1 Ra8 29. Bd6 Rc6 30. Rxc6 Bxc6 31. Rc1 Bb5 32. g3 Qg4 33. Bc5 Qh5 34.
a3 Qg4 35. Kg2 Bxd3 36. Qxd3 h5 37. a4 h4 38. h3 Qxg3+ 39. Qxg3 hxg3 40. Kxg3
Rb8 41. Bd6 Ra8 42. Rc6 Kh7 43. Rc7 Nb6 44. a5 Nc4 45. Rxf7 Ne3 46. Bc5 Kg6 47.
Rc7 Nf5+ 48. Kf2 Rh8 49. Rc6 Rxh3 50. Rxe6+ Kh5 51. Rxa6 Kg4 52. Rg6+ Kxf4 53.
Ke2 Re3+ 54. Kd2 Ke4 55. Kc2 Rd3 56. Rg4+ Ke3 57. e6 Rd2+ 58. Kb3 Kf3 59. Rg5
Nxd4+ 60. Bxd4 Rxd4 61. Re5 1-0

[Event "27. ekipno prvenstvo RH zene"]
[Site "Biograd na Moru"]
[Date "2018.09.12"]
[Round "6.41"]
[White "Kejzar, Petra"]
[Black "Lakos, Nikoletta"]
[Result "0-1"]
[WhiteElo "2067"]
[BlackElo "2258"]
[PlyCount "108"]
[EventDate "2018.09.08"]
[EventCountry "CRO"]

1. c4 d6 2. Nc3 e5 3. d3 g6 4. g3 Bg7 5. Bg2 Ne7 6. e3 c6 7. Nge2 Be6 8. Rb1 d5
9. cxd5 Nxd5 10. a3 Na6 11. b4 Nac7 12. O-O Nxc3 13. Nxc3 Nd5 14. Qc2 O-O 15.
Ne4 Re8 16. Nc5 b6 17. Nxe6 Rxe6 18. Qb3 Rd6 19. Bb2 Rb8 20. Rfd1 Ne7 21. Be4
Qd7 22. Rbc1 Rd8 23. Qc4 Qe6 24. Qxe6 Rxe6 25. Kf1 Red6 26. Ke2 f5 27. Bg2 e4
28. d4 g5 29. f3 exf3+ 30. Bxf3 Rh6 31. Rh1 f4 32. gxf4 gxf4 33. Rcg1 Kf8 34.
Rg4 fxe3 35. Rf1 Bf6 36. Kxe3 Kf7 37. Be2 Nd5+ 38. Kd2 Rxh2 39. Re4 Re8 40.
Rxe8 Kxe8 41. Rf5 Ke7 42. Kd3 Ke6 43. Rf3 Bg5 44. b5 cxb5 45. Rf1 Nf4+ 46. Rxf4
Bxf4 47. Bg4+ Kd6 48. Bc3 a5 49. Ke4 Bd2 50. Bb2 Rh4 51. Kf3 Rxg4 52. Kxg4 Kd5
53. Kf3 b4 54. a4 Bc3 0-1

[Event "27. ekipno prvenstvo RH zene"]
[Site "Biograd na Moru"]
[Date "2018.09.12"]
[Round "6.42"]
[White "Stadler, Brigita"]
[Black "Sulc, Gordana"]
[Result "1-0"]
[WhiteElo "2067"]
[BlackElo "1866"]
[PlyCount "107"]
[EventDate "2018.09.08"]
[EventCountry "CRO"]

1. e4 c5 2. Nc3 a6 3. f4 b5 4. d3 Bb7 5. Nf3 e6 6. g3 b4 7. Ne2 d5 8. e5 h5 9.
Bg2 Nh6 10. Be3 Nf5 11. Bf2 Be7 12. h3 Nd7 13. c3 a5 14. a3 Bc6 15. axb4 axb4
16. O-O Rxa1 17. Qxa1 bxc3 18. bxc3 O-O 19. Qb2 Qb8 20. Rb1 Qc7 21. Nd2 Rb8 22.
Qc2 Ra8 23. c4 dxc4 24. dxc4 Bxg2 25. Kxg2 Ra3 26. Qe4 Nb6 27. Rb3 Ra2 28. Nf3
g6 29. Nc3 Ra1 30. Nb5 Qd8 31. Rd3 Qa8 32. Qxa8+ Rxa8 33. Nd2 Ra4 34. Nd6 Nd4
35. Bxd4 Bxd6 36. exd6 cxd4 37. Rxd4 Nd7 38. Rd3 Ra5 39. Nb3 Ra2+ 40. Kf3 Kf8
41. c5 Rc2 42. Ke3 Ke8 43. Kd4 Nb8 44. Rc3 Nc6+ 45. Kc4 Rxc3+ 46. Kxc3 Kd7 47.
Nd4 Na7 48. Kb4 f6 49. Kc4 Nc8 50. Kb5 e5 51. fxe5 fxe5 52. Nf3 Na7+ 53. Kc4 e4
54. Ne5+ 1-0

[Event "27. ekipno prvenstvo RH zene"]
[Site "Biograd na Moru"]
[Date "2018.09.12"]
[Round "6.51"]
[White "Janzelj, Lara"]
[Black "Nikolova, Adriana"]
[Result "0-1"]
[WhiteElo "2254"]
[BlackElo "2281"]
[PlyCount "136"]
[EventDate "2018.09.08"]
[EventCountry "CRO"]

1. d4 d5 2. c4 c6 3. cxd5 cxd5 4. Bg5 f6 5. Bd2 Nc6 6. Nc3 e5 7. e4 dxe4 8.
dxe5 Nxe5 9. Qa4+ Bd7 10. Qxe4 Bc6 11. Bb5 Qd7 12. Bxc6 Qxc6 13. Qxc6+ bxc6 14.
b3 Ne7 15. Nf3 Nxf3+ 16. gxf3 Nf5 17. Be3 Bb4 18. Rc1 O-O-O 19. Ke2 Bxc3 20.
Rxc3 Kb7 21. Rhc1 Rhe8 22. Rc4 Rd5 23. Ra4 a5 24. b4 axb4 25. Rxb4+ Kc7 26. Re4
Ra8 27. a4 Nxe3 28. fxe3 Rb8 29. Rc2 Rh5 30. Kd3 Rh3 31. Re6 Rb6 32. f4 Kd7 33.
Re4 Rb3+ 34. Kd4 Ra3 35. Rd2 Kc7 36. Re7+ Kd6 37. Rxg7 Rhxe3 38. Kc4+ Ke6 39.
Kc5 Rec3+ 40. Kb6 Rxa4 41. Re2+ Kf5 42. Rxh7 Rb4+ 43. Kc7 Rxf4 44. Rg2 c5 45.
Kc6 c4 46. Kc5 Re3 47. Kb4 Rb3+ 48. Kc5 c3 49. Rc2 Rf3 50. Kc4 Rb8 51. h4 Rc8+
52. Kd4 Kg6 53. Re7 Rf4+ 54. Ke3 Rg4 55. Kf3 Rxh4 56. Rb7 Rh3+ 57. Ke4 Rc4+ 58.
Kd5 Rhh4 59. Rb3 Rhd4+ 60. Ke6 Rc6+ 61. Ke7 Re4+ 62. Kd7 Rcc4 63. Kd6 f5 64.
Kd5 Rcd4+ 65. Kc5 Rd3 66. Rb8 Re7 67. Kc4 Rd2 68. Rc1 Rc7+ 0-1

[Event "27. ekipno prvenstvo RH zene"]
[Site "Biograd na Moru"]
[Date "2018.09.12"]
[Round "6.52"]
[White "Berke, Ana"]
[Black "Kruljac, Petra"]
[Result "1-0"]
[WhiteElo "2170"]
[BlackElo "2069"]
[PlyCount "75"]
[EventDate "2018.09.08"]
[EventCountry "CRO"]

1. e4 e6 2. d4 b6 3. Bd3 Bb7 4. Nf3 Nf6 5. Nbd2 c5 6. c3 Be7 7. O-O d5 8. e5
Nfd7 9. Re1 Nc6 10. Nf1 g5 11. h3 h5 12. g4 h4 13. Be3 Rg8 14. a3 c4 15. Bc2 b5
16. Qd2 a5 17. Re2 b4 18. axb4 axb4 19. Rxa8 Bxa8 20. Re1 Qa5 21. Bb1 Nb6 22.
Rc1 Na4 23. Kg2 Kd7 24. Bxg5 bxc3 25. bxc3 Nxc3 26. Bxe7 Nxb1 27. Qxa5 Nxa5 28.
Bb4 Nc6 29. Bd6 f6 30. Rxb1 Rc8 31. Ne3 Na5 32. Ra1 Nb3 33. Ra7+ Kc6 34. Re7
fxe5 35. Bxe5 c3 36. Rxe6+ Kb5 37. Ne1 Na1 38. g5 1-0

[Event "27. ekipno prvenstvo RH zene"]
[Site "Biograd na Moru"]
[Date "2018.09.12"]
[Round "6.53"]
[White "Radikovic, Anamarija"]
[Black "Bogdanic, Katarina"]
[Result "0-1"]
[WhiteElo "1906"]
[BlackElo "1921"]
[PlyCount "148"]
[EventDate "2018.09.08"]
[EventCountry "CRO"]

1. b4 c6 2. Bb2 Qb6 3. a3 a5 4. c4 axb4 5. c5 Qc7 6. axb4 Rxa1 7. Bxa1 Na6 8.
Qb3 b6 9. d4 d6 10. b5 Nb8 11. bxc6 bxc5 12. d5 Nf6 13. Na3 c4 14. Nxc4 Nxd5
15. e4 Nf6 16. e5 Ne4 17. Bd4 Nxc6 18. Bb6 Qb7 19. exd6 Nxd6 20. Nf3 Be6 21.
Nxd6+ exd6 22. Qe3 Be7 23. Bd3 O-O 24. O-O Nb4 25. Bd4 Nxd3 26. Qxd3 Qd5 27.
Qc3 Rc8 28. Qb2 Bf8 29. h4 h6 30. Re1 Bg4 31. Nh2 Bf5 32. Nf3 Be4 33. Re3 Rc2
34. Qb6 Rc4 35. Bb2 Bxf3 36. Rxf3 Qd1+ 37. Kh2 Rxh4+ 38. Rh3 Rf4 39. Qe3 Qa4
40. Qg3 Rg4 41. Qc3 Qf4+ 42. Kg1 Qg5 43. g3 Qc5 44. Qf3 Rg5 45. Rh2 Qd5 46. Qe2
Qb5 47. Qxb5 Rxb5 48. Bd4 Rb4 49. Be3 d5 50. Kf1 d4 51. Bd2 Rb2 52. Ke1 d3 53.
Bc3 Re2+ 54. Kd1 Bc5 55. Rh5 Bxf2 56. g4 Re4 57. g5 Rg4 58. gxh6 gxh6 59. Kd2
Rg3 60. Be5 Rg5 61. Rxg5+ hxg5 62. Kxd3 Kh7 63. Ke2 Bc5 64. Kf3 f5 65. Kg3 Kg6
66. Kf3 Kh5 67. Kg3 Bb4 68. Kf3 Kh4 69. Bg3+ Kh3 70. Bf4 g4+ 71. Ke2 Bc5 72.
Kd3 g3 73. Bxg3 Kxg3 74. Ke2 Kg2 0-1

[Event "27. ekipno prvenstvo RH zene"]
[Site "Biograd na Moru"]
[Date "2018.09.12"]
[Round "6.54"]
[White "Golub, Nikolina"]
[Black "Koksa, Jelena"]
[Result "1/2-1/2"]
[WhiteElo "1839"]
[BlackElo "1764"]
[PlyCount "91"]
[EventDate "2018.09.08"]
[EventCountry "CRO"]

1. d4 d5 2. c4 dxc4 3. Nf3 Nf6 4. e3 a6 5. Bxc4 b5 6. Bd3 Bb7 7. a4 c6 8. O-O
e6 9. Qe2 Be7 10. e4 Nbd7 11. Bd2 Rc8 12. b4 Nb6 13. a5 Nbd7 14. Na3 Qc7 15. e5
Nd5 16. Nc2 Nf8 17. Ng5 Ng6 18. g3 Bxg5 19. Bxg5 Nge7 20. Bd2 Qd7 21. Rfe1 Nf5
22. Bxf5 exf5 23. e6 fxe6 24. Qxe6+ Qxe6 25. Rxe6+ Kd7 26. Re5 Rhf8 27. Ne3 g6
28. Nxd5 cxd5 29. Rae1 Rfe8 30. Rxe8 Rxe8 31. Rxe8 Kxe8 32. Kg2 Kf7 33. Kf3 Kf6
34. h4 Bc6 35. Bg5+ Ke6 36. Bh6 Kf6 37. Kf4 Be8 38. f3 Bf7 39. g4 fxg4 40. fxg4
Be8 41. Bf8 h5 42. g5+ Ke6 43. Bg7 Bf7 44. Be5 Be8 45. Bb8 Bf7 46. Be5 1/2-1/2

[Event "27. ekipno prvenstvo RH zene"]
[Site "Biograd na Moru"]
[Date "2018.09.13"]
[Round "7.11"]
[White "Nikolova, Adriana"]
[Black "Ivekovic, Ana"]
[Result "1-0"]
[WhiteElo "2281"]
[BlackElo "2118"]
[PlyCount "91"]
[EventDate "2018.09.08"]
[EventCountry "CRO"]

1. e4 e5 2. Nf3 Nc6 3. Nc3 Nf6 4. Bb5 Bb4 5. O-O O-O 6. d3 d6 7. Bg5 a6 8. Bxf6
gxf6 9. Bxc6 bxc6 10. Nh4 Bxc3 11. bxc3 Kh8 12. f4 Rg8 13. fxe5 fxe5 14. Nf5
Qg5 15. Qe2 Be6 16. Rf3 Rg6 17. d4 Bxf5 18. Rxf5 Qe7 19. Raf1 Rg7 20. dxe5 dxe5
21. Qc4 Rd8 22. R5f2 Rdg8 23. Qxc6 Qh4 24. Qd5 f6 25. Kh1 Rg6 26. Re2 Rh6 27.
h3 Rhg6 28. Qe6 a5 29. a4 Rh6 30. Rf3 Qg5 31. Ref2 Rgg6 32. Qc8+ Rg8 33. Qxc7
Qg4 34. Qc6 Qg5 35. Qe6 Rf8 36. c4 Qc1+ 37. Kh2 Rg6 38. Rxf6 Rfxf6 39. Rxf6
Qxc2 40. Rxg6 hxg6 41. Qxe5+ Kh7 42. c5 Qxa4 43. Qd5 Qc2 44. c6 Qc1 45. Qf7+
Kh6 46. c7 1-0

[Event "27. ekipno prvenstvo RH zene"]
[Site "Biograd na Moru"]
[Date "2018.09.13"]
[Round "7.12"]
[White "Spiranec, Noemi"]
[Black "Berke, Ana"]
[Result "1-0"]
[WhiteElo "2035"]
[BlackElo "2170"]
[PlyCount "73"]
[EventDate "2018.09.08"]
[EventCountry "CRO"]

1. d4 f5 2. c4 Nf6 3. Nf3 g6 4. g3 Bg7 5. Bg2 O-O 6. O-O d6 7. Nc3 c6 8. Re1
Ne4 9. Qb3 Nxc3 10. bxc3 Nd7 11. e4 fxe4 12. Ng5 Nf6 13. Nxe4 Nxe4 14. Rxe4 e5
15. c5+ Kh8 16. cxd6 exd4 17. Rxd4 Bxd4 18. cxd4 h5 19. Bb2 Kh7 20. Re1 Qf6 21.
Re7+ Kh6 22. Qe3+ g5 23. h4 Rg8 24. hxg5+ Qxg5 25. Qxg5+ Kxg5 26. d7 Bxd7 27.
Rxd7 h4 28. Bc1+ Kg4 29. f3+ Kf5 30. gxh4 b5 31. Kf2 Rgd8 32. Bh3+ Kg6 33. Bg5
Rxd7 34. Bxd7 b4 35. Bxc6 Rb8 36. d5 Rb6 37. d6 1-0

[Event "27. ekipno prvenstvo RH zene"]
[Site "Biograd na Moru"]
[Date "2018.09.13"]
[Round "7.13"]
[White "Bogdanic, Katarina"]
[Black "Kuhar, Larisa"]
[Result "1-0"]
[WhiteElo "1921"]
[BlackElo "1912"]
[PlyCount "101"]
[EventDate "2018.09.08"]
[EventCountry "CRO"]

1. Nf3 c5 2. g3 b6 3. Bg2 Bb7 4. O-O Nf6 5. d3 e6 6. e4 d6 7. Nbd2 Nbd7 8. a4
a6 9. Nc4 Qc7 10. Bf4 e5 11. Bd2 g6 12. Ne3 Bg7 13. c4 O-O 14. Qc1 Nb8 15. Nd5
Nxd5 16. cxd5 Nd7 17. Bh6 Rac8 18. Bxg7 Kxg7 19. Nd2 b5 20. axb5 axb5 21. Qc3
Ra8 22. f4 b4 23. Qc2 exf4 24. gxf4 f5 25. Rxa8 Bxa8 26. Nc4 Nb6 27. Nxb6 Qxb6
28. Kh1 fxe4 29. dxe4 Qd8 30. Qa4 Qe7 31. Qa6 Bb7 32. Qd3 Qf6 33. Qe2 Qe7 34.
Qe1 Ba6 35. Rf2 Qh4 36. Qe3 g5 37. f5 g4 38. Qf4 Rf6 39. Kg1 Rh6 40. e5 dxe5
41. Qxe5+ Qf6 42. Qc7+ Kg8 43. Qxc5 Qe5 44. Bf1 Bxf1 45. Kxf1 Rd6 46. Qc8+ Kf7
47. Qc7+ Kg8 48. f6 Qxf6 49. Rxf6 Rxf6+ 50. Kg2 h5 51. d6 1-0

[Event "27. ekipno prvenstvo RH zene"]
[Site "Biograd na Moru"]
[Date "2018.09.13"]
[Round "7.14"]
[White "Dejanovic, Tereza"]
[Black "Golub, Nikolina"]
[Result "1-0"]
[WhiteElo "1815"]
[BlackElo "1839"]
[PlyCount "153"]
[EventDate "2018.09.08"]
[EventCountry "CRO"]

1. e4 c5 2. c3 Nf6 3. e5 Nd5 4. d4 cxd4 5. Nf3 e6 6. cxd4 b6 7. Be2 Ba6 8. O-O
Be7 9. Nc3 Nxc3 10. bxc3 O-O 11. Bxa6 Nxa6 12. Qd3 Nc7 13. c4 d5 14. exd6 Qxd6
15. a4 f6 16. Re1 Qd7 17. Ba3 Bxa3 18. Qxa3 Rfd8 19. Rac1 Rac8 20. Qb3 Kf7 21.
Rc3 Qc6 22. a5 Nb5 23. cxb5 Qxc3 24. Qxe6+ Kg6 25. Ne5+ Kh6 26. Nf7+ Kg6 27.
Nxd8 Rxd8 28. axb6 axb6 29. Qe4+ Kh6 30. Qe3+ Qxe3 31. fxe3 Rd5 32. Rb1 f5 33.
Rb4 Kg5 34. Kf2 h6 35. Ke2 Kf6 36. Kd3 g6 37. Kc4 Rd8 38. Ra4 Rc8+ 39. Kd3 Ke6
40. Ra6 Rb8 41. Ra7 h5 42. h4 Kf6 43. Rc7 Ke6 44. Rc6+ Kf7 45. d5 Rd8 46. Kd4
Re8 47. Rxb6 Re4+ 48. Kc5 Rxe3 49. Re6 Rc3+ 50. Kd6 Rb3 51. Kc6 Rc3+ 52. Kd7
Rc5 53. d6 Rxb5 54. Re2 Rb4 55. Rd2 Rc4 56. Rd3 Rc2 57. g3 Rc1 58. Kd8 Ra1 59.
d7 Rc1 60. Rd6 Rc3 61. Ra6 Rc1 62. Ra8 Rc3 63. Rc8 Rxg3 64. Kc7 Rc3+ 65. Kb6
Rd3 66. d8=Q Rxd8 67. Rxd8 Kf6 68. Kc5 f4 69. Rd5 f3 70. Rd3 Kf5 71. Rxf3+ Kg4
72. Rf6 g5 73. hxg5 Kxg5 74. Rf8 h4 75. Kd4 Kg4 76. Ke3 h3 77. Kf2 1-0

[Event "27. ekipno prvenstvo RH zene"]
[Site "Biograd na Moru"]
[Date "2018.09.13"]
[Round "7.21"]
[White "Lakos, Nikoletta"]
[Black "Janzelj, Lara"]
[Result "0-1"]
[WhiteElo "2258"]
[BlackElo "2254"]
[PlyCount "80"]
[EventDate "2018.09.08"]
[EventCountry "CRO"]

1. e4 e5 2. Nf3 Nc6 3. Bc4 Nf6 4. d3 h6 5. c3 d6 6. Bb3 g5 7. Nbd2 Bg7 8. Nc4
Be6 9. Ne3 d5 10. Ba4 O-O 11. Bxc6 bxc6 12. Nxe5 dxe4 13. dxe4 Qe8 14. Qa4 c5
15. Qxe8 Rfxe8 16. f3 Nxe4 17. fxe4 Bxe5 18. O-O Rad8 19. h3 Kg7 20. Rd1 Kg6
21. Rxd8 Rxd8 22. Kf2 Bc8 23. Nd5 Rd7 24. Ne3 Bb7 25. Nc4 Bg7 26. Be3 Bxe4 27.
Bxc5 a6 28. g3 Rd5 29. Be3 Rf5+ 30. Ke2 Bf3+ 31. Kd2 Bd5 32. Na3 Rf3 33. Rg1
Be5 34. Nc2 Rxg3 35. Nd4 Rxg1 36. Bxg1 Bg2 37. h4 gxh4 38. Ke2 h3 39. Nf3 Bxf3+
40. Kxf3 h2 0-1

[Event "27. ekipno prvenstvo RH zene"]
[Site "Biograd na Moru"]
[Date "2018.09.13"]
[Round "7.31"]
[White "Videnova, Iva"]
[Black "Kejzar, Petra"]
[Result "1-0"]
[WhiteElo "2336"]
[BlackElo "2067"]
[PlyCount "137"]
[EventDate "2018.09.08"]
[EventCountry "CRO"]

1. e4 c5 2. Nf3 e6 3. d4 cxd4 4. Nxd4 Nc6 5. Nc3 Qc7 6. Be3 a6 7. Qf3 Nf6 8.
O-O-O Be7 9. Kb1 h5 10. Nxc6 bxc6 11. h3 h4 12. Bc4 Bb7 13. Rhe1 d6 14. Bf4 Nd7
15. Bb3 Nc5 16. Bc4 a5 17. Qe3 e5 18. Bh2 Ba6 19. Bxa6 Rxa6 20. f4 O-O 21. g3
Rb8 22. Ka1 Qb7 23. Rb1 a4 24. a3 Rb6 25. Nd1 Ne6 26. Bg1 Nd4 27. Qd3 c5 28.
Bxd4 exd4 29. g4 d5 30. exd5 c4 31. Qxc4 Bxa3 32. Qxd4 Be7 33. g5 a3 34. b3 Rb4
35. Qe5 a2 36. Rb2 Bc5 37. g6 fxg6 38. Re4 Rxe4 39. Qxe4 Qd7 40. Qd3 Rf8 41. b4
Bd6 42. b5 Bxf4 43. b6 g5 44. b7 Rb8 45. Qb3 Be5 46. c3 Qxh3 47. d6+ Kh8 48.
Qd5 Bxc3 49. Nxc3 Qxc3 50. d7 Qf6 51. Qc4 Kh7 52. Qc7 Qf1+ 53. Kxa2 Qa6+ 54.
Kb1 Qf1+ 55. Kc2 Qe2+ 56. Kb3 Qd3+ 57. Ka2 Qd5+ 58. Rb3 h3 59. Qxb8 Qd2+ 60.
Rb2 Qd5+ 61. Ka3 Qd3+ 62. Kb4 Qd4+ 63. Ka5 Qc5+ 64. Rb5 Qc3+ 65. Kb6 Qd4+ 66.
Rc5 Qb4+ 67. Kc6 Qa4+ 68. Kc7 Qd4 69. Qh8+ 1-0

[Event "27. ekipno prvenstvo RH zene"]
[Site "Biograd na Moru"]
[Date "2018.09.13"]
[Round "7.34"]
[White "Lijic, Kristina"]
[Black "Vujnovic, Patricija"]
[Result "1/2-1/2"]
[WhiteElo "1715"]
[BlackElo "2056"]
[PlyCount "150"]
[EventDate "2018.09.08"]
[EventCountry "CRO"]

1. c4 e6 2. Nf3 d5 3. cxd5 exd5 4. d4 c6 5. Nc3 Bf5 6. e3 Nf6 7. Bd3 Bxd3 8.
Qxd3 Bd6 9. O-O O-O 10. e4 dxe4 11. Nxe4 Nxe4 12. Qxe4 Nd7 13. Be3 Nf6 14. Qc2
Qc7 15. h3 Rfe8 16. Qf5 Qd7 17. Qxd7 Nxd7 18. Rac1 Nb6 19. Nd2 Nd5 20. Nc4 Bc7
21. Rfe1 Re4 22. f3 Re6 23. Bd2 Rae8 24. Kf1 Bg3 25. Rxe6 Rxe6 26. Na5 Re7 27.
b4 a6 28. a4 Rc7 29. Nb3 h5 30. Nc5 Bd6 31. Nd3 g6 32. Re1 Kg7 33. Re4 Nf6 34.
Re1 Rd7 35. Bc3 Bg3 36. Re2 Nd5 37. Bd2 Bd6 38. g4 h4 39. Re4 f6 40. Ke1 Nb6
41. Nb2 Kf7 42. Ke2 Bg3 43. Kd3 Bd6 44. Kc3 Nd5+ 45. Kb3 Bg3 46. Nd3 f5 47. Re2
Nc7 48. Kc3 Ne6 49. Be3 Bc7 50. Bf2 fxg4 51. fxg4 g5 52. Be3 Rd5 53. Rf2+ Kg6
54. Nc5 Nxc5 55. dxc5 Be5+ 56. Kc4 Rd1 57. Rf5 Bf6 58. Rf3 Rb1 59. Bd2 Rg1 60.
Be3 Rg2 61. Kd3 Ra2 62. a5 Ra3+ 63. Ke2 Ra2+ 64. Kd3 Be5 65. Rf5 Ra3+ 66. Ke4
Bf6 67. Rf3 Rb3 68. Bd2 Rb1 69. Kd3 Rh1 70. Ke4 Rh2 71. Rd3 Re2+ 72. Kf3 Rh2
73. Ke4 Re2+ 74. Kf3 Rh2 75. Ke4 Re2+ 1/2-1/2

[Event "27. ekipno prvenstvo RH zene"]
[Site "Biograd na Moru"]
[Date "2018.09.13"]
[Round "7.41"]
[White "Krivec, Jana"]
[Black "Videkovic, Marina"]
[Result "1/2-1/2"]
[WhiteElo "2185"]
[BlackElo "1833"]
[PlyCount "35"]
[EventDate "2018.09.08"]
[EventCountry "CRO"]

1. e4 c6 2. d3 d6 3. f4 g6 4. Nf3 Bg7 5. g3 Bg4 6. h3 Bxf3 7. Qxf3 e6 8. Bg2
Ne7 9. c3 f5 10. O-O Qb6+ 11. Kh2 Nd7 12. Re1 e5 13. exf5 Nxf5 14. a4 O-O 15.
a5 Qc7 16. a6 d5 17. b4 b5 18. Ra2 1/2-1/2

[Event "27. ekipno prvenstvo RH zene"]
[Site "Biograd na Moru"]
[Date "2018.09.13"]
[Round "7.43"]
[White "Starcevic, Andrea"]
[Black "Raguz, Ivanka"]
[Result "1-0"]
[WhiteElo "1893"]
[BlackElo "1706"]
[PlyCount "131"]
[EventDate "2018.09.08"]
[EventCountry "CRO"]

1. c4 e5 2. Nc3 Nf6 3. g3 c6 4. Bg2 d5 5. cxd5 cxd5 6. d3 Nc6 7. Bg5 d4 8. Nd5
Be6 9. Nxf6+ gxf6 10. Bd2 Qb6 11. b3 Bb4 12. Nf3 Bxd2+ 13. Nxd2 Rc8 14. O-O O-O
15. Ne4 f5 16. Nd6 Rc7 17. Qd2 f6 18. Bh3 Ne7 19. Nc4 Bxc4 20. bxc4 e4 21. Qf4
Ng6 22. Qxf5 Re7 23. Qd5+ Kg7 24. Rab1 Qd8 25. Qxd8 Rxd8 26. Bf5 e3 27. fxe3
dxe3 28. Be4 Rdd7 29. Rf3 Rc7 30. Rbf1 Re6 31. Bd5 Ra6 32. Rxe3 Rxa2 33. Rb1 b6
34. Kf1 Ne5 35. h3 Rc2 36. Re4 Kg6 37. Rf4 Kg7 38. Be6 Rc6 39. Bf5 Rc3 40. Rd4
a5 41. Rd8 a4 42. Ra8 a3 43. Ra7+ Kh6 44. Be4 Rd6 45. Rxh7+ Kg5 46. Rg7+ Kh6
47. Ra7 Nd7 48. Ra1 Nc5 49. Bf3 Nxd3 50. R7xa3 Rxa3 51. Rxa3 Ne5 52. Rc3 Nxf3
53. exf3 Rc6 54. Ke2 Kg5 55. Kd3 f5 56. f4+ Kf6 57. Rb3 Rd6+ 58. Kc3 Ke7 59.
Rb5 Rf6 60. Rd5 Rg6 61. Rd3 Rc6 62. Kb4 Rg6 63. Kb5 Rf6 64. Rd5 Kf7 65. Rd7+
Ke8 66. Rb7 1-0

[Event "27. ekipno prvenstvo RH zene"]
[Site "Biograd na Moru"]
[Date "2018.09.13"]
[Round "7.44"]
[White "Ivekovic, Zvjezdana"]
[Black "Tomulic, Vesna"]
[Result "1/2-1/2"]
[WhiteElo "1703"]
[BlackElo "1837"]
[PlyCount "131"]
[EventDate "2018.09.08"]
[EventCountry "CRO"]

1. d4 d5 2. c4 c6 3. Nf3 Nf6 4. g3 e6 5. Bg2 Nbd7 6. O-O Bd6 7. Nbd2 O-O 8. b3
Re8 9. Bb2 e5 10. dxe5 Nxe5 11. cxd5 Nxd5 12. Nd4 Bc7 13. Rc1 Bb6 14. Nc4 Nxc4
15. bxc4 Ne7 16. c5 Bc7 17. Qc2 Bd7 18. Rcd1 Qc8 19. Qc3 f6 20. Qc4+ Kh8 21.
Rfe1 Nf5 22. Bh3 Ne3 23. Bxd7 Nxc4 24. Bxc8 Nxb2 25. Bxb7 Rad8 26. Rb1 Rxd4 27.
Rxb2 Re5 28. Bxc6 Rxc5 29. Bf3 Bb6 30. Reb1 Rdc4 31. Kg2 Kg8 32. Rb5 Kf8 33.
Rxc5 Rxc5 34. Rb4 Rc2 35. a4 Rc5 36. Rb5 Ke7 37. Rb4 Kd6 38. Be4 h6 39. Kf3
Rc3+ 40. e3 Rc5 41. Kg4 Ke6 42. Kf3 Kd6 43. h4 Ke6 44. Rb5 Rxb5 45. axb5 Bc5
46. Kg4 Bd6 47. Bf5+ Kf7 48. Kh5 Bc5 49. Be4 Bb4 50. Bd5+ Kf8 51. f3 Be1 52. g4
Bd2 53. e4 Bf4 54. Kg6 Bg3 55. h5 Bf4 56. Kf5 Bd2 57. f4 Bc1 58. e5 fxe5 59.
fxe5 Bb2 60. Ke6 Bd4 61. Kd6 Bc3 62. e6 Bf6 63. Kc7 Ke7 64. Kb7 Bd4 65. Kc7
Bb6+ 66. Kc6 1/2-1/2

[Event "27. ekipno prvenstvo RH zene"]
[Site "Biograd na Moru"]
[Date "2018.09.13"]
[Round "7.51"]
[White "Rozman, Monika"]
[Black "Repkova, Eva"]
[Result "0-1"]
[WhiteElo "2037"]
[BlackElo "2288"]
[PlyCount "126"]
[EventDate "2018.09.08"]
[EventCountry "CRO"]

1. e4 e6 2. d4 d5 3. Nd2 c5 4. exd5 Qxd5 5. Ngf3 cxd4 6. Bc4 Qd6 7. O-O Nf6 8.
Nb3 Nc6 9. Nbxd4 Nxd4 10. Nxd4 a6 11. Re1 Be7 12. c3 Qc7 13. Bf1 O-O 14. Qf3
Bd6 15. h3 e5 16. Nb3 e4 17. Qe2 Bf5 18. Bg5 Bh2+ 19. Kh1 Be5 20. Rad1 Bg6 21.
Qc4 Qe7 22. Qc5 Rfe8 23. Qxe7 Rxe7 24. Rd2 h6 25. Be3 Nh5 26. g3 Rae8 27. Red1
f5 28. Bc5 Rc7 29. Bd6 Bxd6 30. Rxd6 Kh7 31. Kh2 f4 32. gxf4 Nxf4 33. Rd8 Ree7
34. R1d6 Bf7 35. Nd4 Nd3 36. Nf5 Re5 37. Bxd3 exd3 38. Ne3 Rb5 39. Nd1 Bh5 40.
Rxd3 Bxd1 41. Rxd1 Rxb2 42. R1d2 Rxd2 43. Rxd2 Rxc3 44. Rb2 b5 45. a4 bxa4 46.
Rb6 Rc2 47. Kg2 a3 48. Rxa6 a2 49. Kg3 Kg8 50. Ra7 Kf8 51. f4 Ke8 52. f5 Kd8
53. Kg4 Kc8 54. Kh5 Rg2 55. h4 Kb8 56. Ra3 Kb7 57. f6 gxf6 58. Kxh6 f5 59. h5
f4 60. Kh7 f3 61. h6 f2 62. Rf3 Rh2 63. Rb3+ Kc6 0-1